Cube Root - Statistics

General Stats
  • This quiz has been taken 39 times
  • The average score is 17 of 20
Answer Stats
Cube root of Answer % Correct
1000 10
100%
1728 12
100%
6859 19
100%
8 2
100%
216 6
100%
343 7
100%
125 5
95%
2744 14
94%
64000 40
93%
1 1
92%
4096 16
92%
27000 30
92%
59319 39
92%
8000 20
91%
512 8
91%
39304 34
90%
729 9
89%
27 3
88%
50653 37
88%
54872 38
88%
1331 11
87%
21952 28
87%
2197 13
86%
64 4
86%
4913 17
85%
3375 15
84%
32768 32
84%
9261 21
83%
5832 18
82%
46656 36
80%
15625 25
79%
19683 27
79%
12167 23
75%
35937 33
75%
42875 35
75%
10648 22
73%
24389 29
73%
29791 31
73%
17576 26
65%
13824 24
64%
No matching quizzes found
Score Distribution
Percent of People with Each Score
Percentile by Number Answered
Your Score History
You have not taken this quiz